000 00355nam a22001457a 4500
003 OSt
008 250215b |||||||| |||| 00| 0 eng d
020 _a9788197969140
100 _aKHATRI, Vinay
245 _aDoped Zno Thin Films
260 _aNew Delhi,
_bNaples India:
_c2024.
300 _a223p.
650 _aFaculty Publication
942 _2ddc
_cBK
999 _c13139
_d13139